000 00701nam a2200205Ia 4500
003 OSt
005 20250131160551.0
008 210210b1974 xxu||||| |||| 00| 0 eng d
040 _cAL
041 _aKannada
082 _aK894.9 CHEP
100 _aCHENNAKESHAVA (N K).
_9138318
_dಚೆನ್ನಕೇಶವ(ಎನ್ ಕೆ )
245 _aPradhyapaka Tekkunja Gopalakrashna Bhattaru
_bಪ್ರಾಧ್ಯಾಪಕ ತೆಕ್ಕುಂಜ ಗೋಪಾಲಕೃಷ್ಣ ಭಟ್ಟರು
260 _aMangaluru
_bSankramana Prakashana
_c1974
300 _a68
650 _aTekkunja Gopalakrashna Bhatta
_9138319
690 _aKannada Criticism
_9138320
906 _a032864
942 _2ddc
_cBK
999 _c83981
_d83981